LEADER 01710nam0-2200445---450 001 990005604440203316 005 20190403124927.0 035 $a000560444 035 $aUSA01000560444 035 $a(ALEPH)000560444USA01 035 $a000560444 100 $a19981214d1987----|||y0itaa50------ba 101 $amul 102 $ait 105 $az 00||| 200 1 $aGilbert de Poitiers et ses contemporains$eaux origines de la Logica modernorum: actes du septième Symposium européen d'histoire de la logique et de la semantique médiévales, Centre d'Etudes supérieures de civilisation médiévale de Poitiers, Poitiers 17-22 juin 1985$fedité par Jean Jolivet et Alain De Libera 210 $aNapoli$cBibliopolis$d1987 215 $a481 p.$d23 cm. 225 2 $aHistory of logic$feditors C. Cellucci ... [et al.]$v5 410 0$12001$aHistory of logic$v5 606 $aLogica$xMedioevo$2F 606 $aCONGRESSI$xPOITIERS$x1985$2F 606 $aGilberto : Porretano$xLogica$2F 620 $dNAPOLI 676 $a160.902 702 1$aLIBERA,$bAlain : de 702 1$aJOLIVET,$bJean 710 12$aSymposium européen d'histoire de la logique et de la semantique médiéval es$c<7.$f; 1985 ; Poitiers>$0614896 801 0$aIT$bSA$c20111219 912 $a990005604440203316 950 0$aDipar.to di Filosofia - Salerno$dDFBB 160.902 SEHLM$e2799 FIL 951 $aBB 160.902 SEHLM$b2799 FIL 959 $aBK 966 $aGilbert : de Poitiers$zGilberto : Porretano - Logica$3SAC001771 969 $aFIL 979 $c20121027$lUSA01$h1525 979 $c20121027$lUSA01$h1614 996 $aGilbert de Poitiers et ses contemporains$91133289 997 $aUNISA NUM $aSA0003591 LEADER 03643nam 22006615 450 001 996308847403316 005 20231016185756.0 010 $a3-486-71833-9 024 7 $a10.1524/9783486718331 035 $a(CKB)3710000000120313 035 $a(SSID)ssj0001547065 035 $a(PQKBManifestationID)16141082 035 $a(PQKBTitleCode)TC0001547065 035 $a(PQKBWorkID)14795991 035 $a(PQKB)10397198 035 $a(MiAaPQ)EBC3045867 035 $a(DE-B1597)225895 035 $a(OCoLC)979947788 035 $a(OCoLC)980188466 035 $a(DE-B1597)9783486718331 035 $a(oapen)https://directory.doabooks.org/handle/20.500.12854/40557 035 $a(EXLCZ)993710000000120313 100 $a20190615d2013 fg 101 0 $ager 135 $aurcnu|||||||| 181 $ctxt 182 $cc 183 $acr 200 00$aAkten zur Auswärtigen Politik der Bundesrepublik Deutschland $eWissenschaftliche Leiterin: Ilse Dorothee Pautsch$i1951 /$fMatthias Jaroch 210 $cDe Gruyter$d1999 210 1$aBerlin ;$aBoston :$cOldenbourg Wissenschaftsverlag,$d[2013] 210 4$d©1999 215 $a1 online resource (874 pages) 225 0 $aAkten zur Auswärtigen Politik der Bundesrepublik Deutschland 300 $aBibliographic Level Mode of Issuance: Monograph 311 $a3-486-56418-8 320 $aIncludes bibliographical references and indexes. 327 $tFront Matter --$tDokument 1-10 --$tDokument 11-29 --$tDokument 30-41 --$tDokument 42-63 --$tDokument 64-85 --$tDokument 86-99 --$tDokument 100-115 --$tDokument 116-126 --$tDokument 127-144 --$tDokument 145-161 --$tDokument 162-170 --$tDokument 171-188 --$tDokument 189-205 --$tDokument 206-216 --$tBack Matter 330 $aHerausgegeben im Auftrag des Auswärtigen Amts vom Institut für Zeitgeschichte. Hauptherausgeber: Hans-Peter Schwarz, Mitherausgeber: Helga Haftendorn, Klaus Hildebrand, Werner Link, Horst Möller und Rudolf Morsey. Wissenschaftlicher Leiter: Rainer Blasius. Am 15. März 1951 wurde die "Dienstsstelle für Auswärtige Angelegenheiten im Bundeskanzleramt" in das als eigenständiges Bundesministerium wiedererrichtete Auswärtige Amt überführt. Bundeskanzler Adenauer übernahm nun auch den Posten des Außenministers. Zu den Aufgaben, denen er und die Beamten der neuen Behörde sich gegenübergestellt sahen, gehörten u.a. die Verhandlungen über einen Verteidigungsbeitrag der Bundesrepublik, der Abschluss des Vertrags über die Gründung einer Europäischen Gemeinschaft für Kohle und Stahl, die Gespräche über die Ablösung des Besatzungsstatuts, die Beratungen über die Auslandsschulden sowie die Sondierungen über Wiedergutmachungsleistungen an Israel. Die 216 Dokumente der "Akten zur Auswärtigen Politik der Bundesrepublik Deutschland 1951" spiegeln die vielfältigen außenpolitischen Aktivitäten der Regierung Adenauer in ihrem dritten Amtsjahr wider. 606 $aAußenpolitik 606 $aBundesrepublik Deutschland 606 $aEdition 606 $aHISTORY / General$2bisacsh 607 $aGermany (West)$xForeign relations$vSources 607 $aGermany$xForeign relations$y1945-$vSources 615 4$aAußenpolitik. 615 4$aBundesrepublik Deutschland. 615 4$aEdition. 615 7$aHISTORY / General. 676 $a327.43009045 700 $aJaroch$b Matthias$4auth$01429918 702 $aJaroch$b Matthias 801 0$bDE-B1597 801 1$bDE-B1597 906 $aBOOK 912 $a996308847403316 996 $aAkten zur Auswärtigen Politik der Bundesrepublik Deutschland$93569539 997 $aUNISA